Obytná štvrť pre občanov a výskumníkov, Helsinky, Fínsko

Saved in:
Bibliographic Details
Main Author: Jaško, Niki (Author)
Other Authors: Ruhig, Roman (Thesis advisor)
Format: Manuscript Book
Language:Slovak
Published: 2024
Subjects:
Online Access:http://is.stuba.sk/zp/portal_zp.pl?podrobnosti=156850
https://opac.crzp.sk/?fn=detailBiblioForm&sid=F0082B7A009D1614BCC11DB883AC
Tags: Add Tag
No Tags, Be the first to tag this record!

MARC

LEADER 00000ntm a22000003a 4500
001 stuzp98887
003 SK-STU
005 20240909154015.3
007 ta
008 150427s2015----xo-----f-mn---000-0-slo-d
040 |a STU  |b slo 
041 0 |a slo 
100 1 |a Jaško, Niki  |u 010310  |4 aut  |U SvF Stavebná fakulta  |T SvF Katedra architektúry  |X 104605  |U V181|V310  |Y 19  |7 104605 
242 0 1 |a Residential area for citizens and researchers, Helsinky, Finland  |y eng 
245 1 0 |a Obytná štvrť pre občanov a výskumníkov, Helsinky, Fínsko 
260 |c 2024 
650 4 |a drevo  |2 slo 
650 4 |a bakalárska práca  |2 slo 
650 4 |a urbanizmus  |2 slo 
650 4 |a bývanie  |2 slo 
650 4 |a Viikki  |2 slo 
650 4 |a Fínsko  |2 slo 
650 4 |a Helsinki  |2 slo 
650 4 |a wood  |2 eng 
650 4 |a Viikki  |2 eng 
650 4 |a Finland  |2 eng 
650 4 |a dwelling  |2 eng 
650 4 |a urbanism  |2 eng 
650 4 |a bachelor thesis  |2 eng 
650 4 |a Helsinki  |2 eng 
700 1 |a Ruhig, Roman  |u 010310  |k Z1  |4 ths  |U SvF Stavebná fakulta  |T SvF Katedra architektúry  |X 7452  |U V181|V310  |Y 19  |7 A000007452 
856 4 |u http://is.stuba.sk/zp/portal_zp.pl?podrobnosti=156850 
856 4 |u https://opac.crzp.sk/?fn=detailBiblioForm&sid=F0082B7A009D1614BCC11DB883AC